[Event "II Trofeo SAI A"]
[Site "Palermo ITA"]
[Date "1996.10.??"]
[Round "?"]
[White "Gueci, Riccardo"]
[Black "Isonzo, David"]
[Result "1/2-1/2"]
[WhiteElo "2190"]
[BlackElo "2175"]
[PlyCount "51"]
[EventDate "1996.10.19"]

1. e4 c5 2. c3 Nf6 3. e5 Nd5 4. d4 cxd4 5. Nf3 Nc6 6. Bc4 Nb6 7. Bb3 d6 8. exd6
Qxd6 9. Na3 a6 10. O-O e6 11. cxd4 Be7 12. Be3 Bd7 13. Ne5 Nxe5 14. dxe5 Qxd1
15. Rfxd1 Bxa3 16. bxa3 Nc8 17. Rac1 Bc6 18. Bc5 Ne7 19. a4 Rd8 20. Rxd8+ Kxd8
21. a5 Nd5 22. Bc4 Kd7 23. f3 Rc8 24. Kf2 Bb5 25. Bxd5 exd5 26. Ke3 1/2-1/2

[Event "II Trofeo SAI A"]
[Site "Palermo ITA"]
[Date "1996.10.??"]
[Round "?"]
[White "Messina, Rosario"]
[Black "Bellipanni, Piero"]
[Result "0-1"]
[WhiteElo "1540"]
[BlackElo "1845"]
[PlyCount "42"]
[EventDate "1996.10.19"]

1. d4 Nf6 2. c4 g6 3. Nc3 Bg7 4. e4 d6 5. Be2 O-O 6. Nf3 e5 7. d5 Nbd7 8. Bg5
h6 9. Bh4 a5 10. Nd2 Nc5 11. O-O Bd7 12. f3 Qc8 13. Bf2 Nh5 14. Kh1 Nf4 15. Rg1
h5 16. Rb1 Bh6 17. Nf1 Qd8 18. b4 axb4 19. Rxb4 b6 20. Ne3 Ra3 21. Qc2 Rxc3 0-1

[Event "II Trofeo SAI A"]
[Site "Palermo ITA"]
[Date "1996.10.??"]
[Round "?"]
[White "Tripodo, Roberto"]
[Black "Militello, Vincenzo"]
[Result "0-1"]
[WhiteElo "1765"]
[BlackElo "1815"]
[PlyCount "40"]
[EventDate "1996.10.19"]

1. e4 c5 2. Nf3 Nf6 3. Nc3 d5 4. e5 d4 5. exf6 dxc3 6. fxg7 cxd2+ 7. Qxd2 Qxd2+
8. Bxd2 Bxg7 9. O-O-O Nc6 10. Bc4 Bg4 11. Bf4 O-O 12. Rd5 b6 13. Rg5 Be6 14.
Bxe6 fxe6 15. Rg4 Rxf4 16. Rxf4 Bh6 17. g3 e5 18. Nxe5 Nxe5 19. Re1 Ng6 20.
Ree4 e5 0-1

[Event "II Trofeo SAI A"]
[Site "Palermo ITA"]
[Date "1996.10.??"]
[Round "?"]
[White "Valguarnera, Girolamo"]
[Black "Militello, Vincenzo"]
[Result "1-0"]
[WhiteElo "2050"]
[BlackElo "1815"]
[PlyCount "69"]
[EventDate "1996.10.19"]

1. e4 c5 2. b4 d6 3. Nf3 Nf6 4. Bc4 Nc6 5. c3 e6 6. d4 d5 7. Bb5 cxb4 8. e5 Ne4
9. O-O Nxc3 10. Nxc3 bxc3 11. Be3 Bd7 12. Qe2 a6 13. Bd3 Be7 14. a3 b5 15. Rfc1
Na5 16. Rxc3 Nc4 17. Bf4 Rc8 18. Rb3 Na5 19. Rbb1 Nc4 20. a4 Rc7 21. a5 Qc8 22.
Ne1 Na3 23. Rc1 Rxc1 24. Rxc1 Nc4 25. Qg4 g6 26. h4 h5 27. Qg3 Qd8 28. Nf3 Nb2
29. Bb1 Qxa5 30. Ng5 Bxg5 31. Bxg5 Nc4 32. Qf4 f5 33. exf6 Kf7 34. Bxg6+ Kxg6
35. f7 1-0

[Event "II Festival A"]
[Site "Toscolano-Maderno ITA"]
[Date "1996.10.19"]
[Round "1"]
[White "Braghetta, Sergio"]
[Black "Corvi, Marco"]
[Result "1/2-1/2"]
[WhiteElo "2116"]
[BlackElo "2185"]
[PlyCount "92"]
[EventDate "1996.10.19"]

1. e4 Nf6 2. e5 Nd5 3. d4 d6 4. c4 Nb6 5. exd6 exd6 6. Nf3 Be7 7. Nc3 O-O 8.
Be2 Re8 9. O-O Bg4 10. Bd3 Nc6 11. b3 d5 12. c5 Nc8 13. h3 Be6 14. Bb5 Bf6 15.
Bxc6 bxc6 16. Bf4 g5 17. Be5 g4 18. hxg4 Bxg4 19. Re1 Bxe5 20. Rxe5 Rxe5 21.
dxe5 Ne7 22. Qd3 Bxf3 23. Qxf3 Ng6 24. Re1 Qg5 25. e6 fxe6 26. Rxe6 Rf8 27. Qg3
Qf5 28. Rxc6 d4 29. Nd5 Kh8 30. Nb4 Nf4 31. Qf3 Rg8 32. g3 Rg5 33. Nc2 d3 34.
Ne3 Qe5 35. Rh6 Kg7 36. Rh4 Ng6 37. Re4 Qxc5 38. Rc4 Qe5 39. Qc6 Rxg3+ 40. fxg3
Qxe3+ 41. Kh2 d2 42. Qd7+ Kh6 43. Qh3+ Kg5 44. Qg4+ Kh6 45. Qh3+ Kg5 46. Qg4+
Kh6 1/2-1/2

[Event "II Festival A"]
[Site "Toscolano-Maderno ITA"]
[Date "1996.10.19"]
[Round "1"]
[White "Di Lazzaro, Gabriele"]
[Black "Wohl, Aleksandar H."]
[Result "1/2-1/2"]
[WhiteElo "2095"]
[BlackElo "2400"]
[PlyCount "88"]
[EventDate "1996.10.19"]

1. Nf3 b6 2. g3 Bb7 3. Bg2 c5 4. c4 g6 5. O-O Bg7 6. Nc3 Nc6 7. e3 Nh6 8. d4
cxd4 9. exd4 Nf5 10. d5 Na5 11. Qd3 Rc8 12. Nd2 Nd6 13. b3 b5 14. Rb1 bxc4 15.
bxc4 O-O 16. Nb5 Nxb5 17. Rxb5 Ba6 18. Rb4 Nb7 19. Bb2 Nc5 20. Qa3 Bxb2 21.
Rxb2 Qc7 22. Rc1 f5 23. Qe3 Qd6 24. Re1 Rfe8 25. h4 Qf6 26. Rb4 e5 27. Qc3 d6
28. f4 Qg7 29. fxe5 Rxe5 30. Rxe5 Qxe5 31. Qxe5 dxe5 32. Bf1 e4 33. Kf2 Kf8 34.
Nb3 Nd7 35. a4 Nb8 36. Nd4 Ke7 37. Ne6 Kd6 38. Nd4 Ke5 39. Nc2 f4 40. gxf4+
Kxf4 41. Ne3 Ke5 42. Nc2 Kf4 43. Ne3 Ke5 44. Nc2 Kf4 1/2-1/2

[Event "II Festival A"]
[Site "Toscolano-Maderno ITA"]
[Date "1996.10.19"]
[Round "1"]
[White "Kania, Andreas"]
[Black "Perovic, Bozidar"]
[Result "1/2-1/2"]
[WhiteElo "2275"]
[BlackElo "2134"]
[PlyCount "66"]
[EventDate "1996.10.19"]

1. d4 c5 2. e3 e6 3. Nf3 Nf6 4. c4 d5 5. Nc3 cxd4 6. exd4 Nc6 7. Bd3 Be7 8. a3
h6 9. h3 a6 10. c5 Qc7 11. Qe2 O-O 12. O-O Re8 13. b4 Nd7 14. Bc2 Bf6 15. Qd3
Nf8 16. Re1 Bd7 17. g3 Ne7 18. Bf4 Qc8 19. Be5 Bxe5 20. Nxe5 f5 21. Qe2 Neg6
22. Qh5 Nxe5 23. Rxe5 Qd8 24. Rae1 Qg5 25. Qxg5 hxg5 26. Bd3 Ng6 27. R5e2 Ne7
28. Rd2 Nc6 29. Bc2 Kf7 30. Ba4 Nb8 31. Bb3 Nc6 32. Ba4 Nb8 33. Bb3 Nc6 1/2-1/2

[Event "II Festival A"]
[Site "Toscolano-Maderno ITA"]
[Date "1996.10.19"]
[Round "1"]
[White "Luciani, Valerio"]
[Black "Dusi, Valerio"]
[Result "1-0"]
[WhiteElo "2180"]
[BlackElo "1851"]
[PlyCount "79"]
[EventDate "1996.10.19"]

1. e4 e5 2. d4 exd4 3. f4 Bb4+ 4. Bd2 Qh4+ 5. g3 Qe7 6. Bd3 Nf6 7. Qe2 Nc6 8.
Nf3 d5 9. e5 Ng4 10. O-O Bxd2 11. Nbxd2 Ne3 12. Rfe1 Bg4 13. Qf2 Be6 14. Nxd4
Ng4 15. Nxc6 Nxf2 16. Nxe7 Nxd3 17. cxd3 Kxe7 18. Rac1 Rac8 19. d4 h5 20. b4 h4
21. Kg2 hxg3 22. hxg3 Kd7 23. Rh1 Bf5 24. Kf3 Bd3 25. g4 b6 26. Ke3 Bb5 27. f5
c5 28. dxc5 bxc5 29. Rxh8 d4+ 30. Kf4 Rxh8 31. Rxc5 a6 32. Rd5+ Ke7 33. Rxd4
Rh2 34. Ne4 Rxa2 35. f6+ gxf6 36. exf6+ Kf8 37. Rd8+ Be8 38. Nd6 Re2 39. Rxe8+
Rxe8 40. Nxe8 1-0

[Event "II Festival A"]
[Site "Toscolano-Maderno ITA"]
[Date "1996.10.19"]
[Round "1"]
[White "Nurkic, Sahbaz"]
[Black "Stantic, Severino"]
[Result "1-0"]
[WhiteElo "2405"]
[BlackElo "2105"]
[PlyCount "73"]
[EventDate "1996.10.19"]

1. e4 c5 2. c3 d5 3. exd5 Qxd5 4. d4 cxd4 5. cxd4 Nc6 6. Nf3 e6 7. Nc3 Bb4 8.
Bd3 Nf6 9. O-O Qd8 10. Bg5 Be7 11. a3 O-O 12. Rc1 h6 13. Be3 Nd5 14. Nxd5 Qxd5
15. Bb1 Qh5 16. Ne5 Qxd1 17. Rfxd1 Nb8 18. Be4 Na6 19. Rxc8 Raxc8 20. Bxb7 Nb8
21. Bxc8 Rxc8 22. Rc1 Rd8 23. Kf1 Bd6 24. Ke2 f6 25. Nc4 Bc7 26. b4 Kf7 27. Nd2
Bb6 28. Nb3 Na6 29. a4 e5 30. b5 Nb4 31. a5 Bxd4 32. Rc7+ Kg6 33. Bxd4 exd4 34.
Rxa7 d3+ 35. Kd2 Rc8 36. Nd4 Rc4 37. Rd7 1-0

[Event "II Festival A"]
[Site "Toscolano-Maderno ITA"]
[Date "1996.10.19"]
[Round "1"]
[White "Oppici, Gabriele"]
[Black "Medancic, Rikard"]
[Result "0-1"]
[WhiteElo "2055"]
[BlackElo "2310"]
[PlyCount "67"]
[EventDate "1996.10.19"]

1. Nc3 d5 2. e4 d4 3. Nce2 e5 4. Ng3 g6 5. Bc4 Qd6 6. Nf3 Nc6 7. d3 Be6 8. Bxe6
Qxe6 9. Bd2 h5 10. h4 Bh6 11. Qc1 f6 12. a3 Bxd2+ 13. Qxd2 Nge7 14. a4 a5 15.
O-O Rd8 16. Rfd1 Rd7 17. c3 b6 18. Ne2 O-O 19. cxd4 exd4 20. Qh6 Rfd8 21. Rac1
Ne5 22. Nf4 Qf7 23. Nxe5 fxe5 24. Nh3 Qg7 25. Qxg7+ Kxg7 26. Ng5 Rc8 27. f4
exf4 28. Rf1 c5 29. Rxf4 Nc6 30. Ne6+ Kh6 31. Rf6 Rd6 32. Rcf1 Ne5 33. Ng5 Rdc6
34. Rxc6 {...} 0-1

[Event "II Festival A"]
[Site "Toscolano-Maderno ITA"]
[Date "1996.10.19"]
[Round "1"]
[White "Perich, Stefano"]
[Black "Mora, Federico"]
[Result "0-1"]
[WhiteElo "2075"]
[BlackElo "2335"]
[PlyCount "90"]
[EventDate "1996.10.19"]

1. c4 c5 2. Nc3 Nf6 3. g3 d5 4. cxd5 Nxd5 5. Bg2 Nc7 6. Nf3 Nc6 7. Qa4 Bd7 8.
Qe4 f6 9. O-O e5 10. e3 f5 11. Qb1 Be7 12. Rd1 Bf6 13. b3 O-O 14. Bb2 Qe8 15.
Ne2 Rd8 16. d3 b6 17. Nd2 Nb4 18. Nc4 Bc6 19. a3 Bxg2 20. Kxg2 Qc6+ 21. f3 e4
22. dxe4 Rxd1 23. Qxd1 Bxb2 24. Nxb2 fxe4 25. f4 Ncd5 26. Kf2 Na6 27. Qd2 Nac7
28. Rd1 Qh6 29. h4 Qh5 30. Ng1 b5 31. Qc2 Nf6 32. Qe2 Qf5 33. Rd2 Ncd5 34. Nd1
a6 35. Rc2 Rc8 36. Kg2 h6 37. Nc3 Qe6 38. Qd2 Rd8 39. Nxd5 Rxd5 40. Qc1 Rd3 41.
Rc3 Ng4 42. Rxc5 Nxe3+ 43. Kf2 Qxb3 44. Rc8+ Kh7 45. Ne2 Nf5 0-1

[Event "II Festival A"]
[Site "Toscolano-Maderno ITA"]
[Date "1996.10.19"]
[Round "1"]
[White "Rossi, Giampiero"]
[Black "Zlochevskij, Alexander"]
[Result "0-1"]
[WhiteElo "2105"]
[BlackElo "2415"]
[PlyCount "110"]
[EventDate "1996.10.19"]

1. d4 g6 2. c4 Bg7 3. g3 e6 4. Bg2 d5 5. cxd5 exd5 6. Nc3 c6 7. Nf3 Nf6 8. O-O
a5 9. Bg5 O-O 10. e3 Nbd7 11. Qd2 Re8 12. Rfc1 a4 13. b3 Nb6 14. Ne5 Qd6 15.
Bxf6 Qxf6 16. Nd3 Bf8 17. Nc5 axb3 18. axb3 Rxa1 19. Rxa1 Bxc5 20. dxc5 Nd7 21.
Qd4 Ne5 22. Ra8 Kf8 23. f4 Ng4 24. Qxf6 Nxf6 25. h3 h5 26. Kf2 Ke7 27. b4 Bf5
28. Rxe8+ Nxe8 29. e4 dxe4 30. Nxe4 Bxe4 31. Bxe4 Nc7 32. Bd3 Nd5 33. b5 cxb5
34. Bxb5 Nc7 35. Bc4 Ne6 36. Ke3 Nxc5 37. Kd4 Ne6+ 38. Ke5 f6+ 39. Kd5 h4 40.
gxh4 Nxf4+ 41. Kc5 Nxh3 42. Bd5 b6+ 43. Kxb6 Nf4 44. Bf3 Kd6 45. Kb5 Nh5 46.
Kc4 Ke5 47. Bc6 Ng7 48. Kd3 Kf4 49. Bd5 Nf5 50. h5 gxh5 51. Ke2 Kg3 52. Bb7 h4
53. Ba8 h3 54. Bb7 Nh4 55. Ba8 f5 0-1

[Event "II Festival A"]
[Site "Toscolano-Maderno ITA"]
[Date "1996.10.19"]
[Round "1"]
[White "Sulava, Nenad"]
[Black "Astengo, Marcello"]
[Result "1-0"]
[WhiteElo "2430"]
[BlackElo "2115"]
[PlyCount "81"]
[EventDate "1996.10.19"]

1. Nf3 d5 2. d4 Nf6 3. c4 e6 4. Bg5 Nbd7 5. Nc3 c6 6. e3 Bd6 7. Bd3 O-O 8. O-O
Re8 9. Qe2 Be7 10. Rad1 Nf8 11. Ne5 N6d7 12. Bxe7 Qxe7 13. f4 f6 14. Nf3 b6 15.
f5 Bb7 16. fxe6 Qxe6 17. Rde1 Qg4 18. cxd5 cxd5 19. Nb5 Re7 20. Nd6 Rb8 21. Nf5
Ree8 22. h3 Qh5 23. g4 Qxh3 24. Nh2 Re4 25. Rf3 Rxg4+ 26. Kh1 Qh5 27. Rg3 Qxf5
28. Bxf5 Rxg3 29. Nf3 g6 30. Kh2 Rxf3 31. Bxd7 Nxd7 32. Qxf3 Rc8 33. Re2 f5 34.
Rg2 Kf7 35. Qf4 Nf6 36. b4 Rc1 37. e4 Rc4 38. e5 Ng8 39. Qh4 h6 40. e6+ Kg7 41.
Qd8 1-0

[Event "II Festival A"]
[Site "Toscolano-Maderno ITA"]
[Date "1996.10.19"]
[Round "1"]
[White "Tomasi, Diego"]
[Black "Cugini, Verter"]
[Result "0-1"]
[WhiteElo "2045"]
[BlackElo "2255"]
[PlyCount "76"]
[EventDate "1996.10.19"]

1. d4 d6 2. c4 e5 3. dxe5 dxe5 4. Qxd8+ Kxd8 5. Nc3 c6 6. Bg5+ f6 7. O-O-O+ Kc7
8. Bh4 Be6 9. e4 Nd7 10. f3 Bc5 11. Nh3 Ne7 12. g4 h5 13. g5 Ng6 14. Be1 Rad8
15. gxf6 gxf6 16. Nf2 Nf4 17. Nd3 Nxd3+ 18. Bxd3 Be3+ 19. Kc2 Nc5 20. Bh4 Bg5
21. Bxg5 fxg5 22. Be2 Bf7 23. Rhg1 Ne6 24. Rxd8 Rxd8 25. b3 h4 26. Rd1 Nd4+ 27.
Kc1 Bh5 28. Rg1 Nxe2+ 29. Nxe2 Bxf3 30. Nc3 g4 31. Kc2 Rd4 32. Re1 Kd7 33. Re3
Ke6 34. h3 Kf6 35. hxg4 Bxg4 36. Ne2 Rd7 37. Ng1 Kg5 38. Nf3+ Kf4 0-1

[Event "II Festival A"]
[Site "Toscolano-Maderno ITA"]
[Date "1996.10.20"]
[Round "2"]
[White "Agnelli, Francesco"]
[Black "Kania, Andreas"]
[Result "1-0"]
[WhiteElo "2085"]
[BlackElo "2275"]
[PlyCount "73"]
[EventDate "1996.10.19"]

1. e4 e6 2. d4 d5 3. Nc3 Nf6 4. Bg5 dxe4 5. Nxe4 Be7 6. Bxf6 gxf6 7. Nf3 b6 8.
Bd3 Bb7 9. Qe2 c6 10. O-O-O Qc7 11. Kb1 Nd7 12. Rhe1 O-O-O 13. c4 Kb8 14. Rc1
Rhe8 15. Qe3 Bf8 16. Nc3 h6 17. Qd2 Bg7 18. Qc2 f5 19. a3 Nf8 20. d5 cxd5 21.
Nb5 Qc5 22. b4 Qe7 23. cxd5 Rxd5 24. Qc7+ Qxc7 25. Nxc7 Rxd3 26. Nxe8 Bh8 27.
Red1 Rxd1 28. Rxd1 Be5 29. Nd6 Ng6 30. Nxf7 Bg7 31. Nd6 Bf8 32. Nb5 Nf4 33. Nc3
Bxf3 34. gxf3 Bg7 35. Nb5 a6 36. Rd7 Bf6 37. Na7 1-0

[Event "II Festival A"]
[Site "Toscolano-Maderno ITA"]
[Date "1996.10.20"]
[Round "2"]
[White "Astengo, Marcello"]
[Black "Oppici, Gabriele"]
[Result "0-1"]
[WhiteElo "2115"]
[BlackElo "2055"]
[PlyCount "74"]
[EventDate "1996.10.19"]

1. d4 g6 2. c4 Bg7 3. Nc3 f5 4. e4 fxe4 5. f3 exf3 6. Nxf3 Nf6 7. Bd3 d6 8. O-O
Bg4 9. Qa4+ Qd7 10. Qc2 O-O 11. d5 Na6 12. Qd2 Bxf3 13. Rxf3 Ng4 14. Be2 Rxf3
15. gxf3 Ne5 16. Qd1 Rf8 17. f4 Qh3 18. Ne4 Nf7 19. Bg4 Qh4 20. Be3 Nh6 21.
Be6+ Kh8 22. Qd2 Nc5 23. Ng5 Bf6 24. Rf1 Bxg5 25. Bxc5 dxc5 26. fxg5 Rxf1+ 27.
Kxf1 Qxc4+ 28. Kg2 Nf5 29. b3 Qe4+ 30. Kf2 Nd4 31. Qc3 Qc2+ 32. Qxc2 Nxc2 33.
Ke2 Nd4+ 34. Kd3 Nf3 35. Kc4 Nxg5 36. Bd7 Nf3 37. h3 Ne5+ 0-1

[Event "II Festival A"]
[Site "Toscolano-Maderno ITA"]
[Date "1996.10.20"]
[Round "2"]
[White "Corvi, Marco"]
[Black "Di Lazzaro, Gabriele"]
[Result "1/2-1/2"]
[WhiteElo "2185"]
[BlackElo "2095"]
[PlyCount "131"]
[EventDate "1996.10.19"]

1. c4 b6 2. Nf3 Bb7 3. g3 Bxf3 4. exf3 c5 5. d4 cxd4 6. Qxd4 Nc6 7. Qd1 e6 8.
Bg2 Rc8 9. O-O Na5 10. Nc3 Nxc4 11. b3 Qf6 12. bxc4 Qxc3 13. Be3 Bc5 14. Rc1
Qa3 15. Bd2 Nf6 16. Bc3 Be7 17. Rc2 Qa4 18. Rd2 Rxc4 19. Bxf6 Bxf6 20. f4 Qxd1
21. Rfxd1 d5 22. f5 Kd7 23. Re2 Kd6 24. f4 Rhc8 25. fxe6 Rc1 26. Rxc1 Rxc1+ 27.
Kf2 fxe6 28. Bh3 e5 29. fxe5+ Bxe5 30. Bf5 g6 31. Bc2 Ra1 32. Bd3 Rd1 33. Bc2
Rd4 34. Ke1 Rc4 35. Kd1 Rc7 36. Rf2 Bg7 37. Bb3 b5 38. Rd2 d4 39. Rf2 a5 40.
Rf7 Rxf7 41. Bxf7 Ke5 42. Be8 b4 43. Ke2 Bh6 44. Ba4 Be3 45. Bc2 Bg1 46. h4 Kf6
47. h5 Kg5 48. hxg6 hxg6 49. Kf3 Kf6 50. Ke4 Ke6 51. Bb3+ Kd6 52. Bf7 g5 53.
Be8 Kc5 54. Bf7 a4 55. Kd3 Bf2 56. g4 b3 57. axb3 a3 58. b4+ Kxb4 59. Ba2 Kc5
60. Bb3 Kd6 61. Ke4 d3 62. Kxd3 Ke5 63. Kc2 Kf4 64. Be6 Bd4 65. Kb3 Bc5 66. Ka2
1/2-1/2

[Event "II Festival A"]
[Site "Toscolano-Maderno ITA"]
[Date "1996.10.20"]
[Round "2"]
[White "Cugini, Verter"]
[Black "Nurkic, Sahbaz"]
[Result "0-1"]
[WhiteElo "2255"]
[BlackElo "2405"]
[PlyCount "62"]
[EventDate "1996.10.19"]

1. e4 c5 2. g3 d5 3. exd5 Qxd5 4. Nf3 Bg4 5. Bg2 Qe6+ 6. Kf1 Nc6 7. h3 Bh5 8.
d3 Rd8 9. g4 Bg6 10. Be3 Qd6 11. Na3 e6 12. Nh4 Be7 13. Nxg6 hxg6 14. Qf3 Nf6
15. Qf4 Qd7 16. Qc4 b6 17. Qb5 Nd5 18. Rd1 O-O 19. c4 Ndb4 20. Nc2 Qc7 21. Qa4
f5 22. gxf5 gxf5 23. a3 f4 24. axb4 fxe3 25. Nxe3 Qg3 26. Ng4 Nd4 27. Qxa7
Rxf2+ 28. Nxf2 Rf8 29. Rd2 Bh4 30. Bf3 Nxf3 31. Re2 Nd4 0-1

[Event "II Festival A"]
[Site "Toscolano-Maderno ITA"]
[Date "1996.10.20"]
[Round "2"]
[White "Dusi, Valerio"]
[Black "Rossi, Giampiero"]
[Result "1/2-1/2"]
[WhiteElo "1851"]
[BlackElo "2105"]
[PlyCount "103"]
[EventDate "1996.10.19"]

1. d4 d5 2. c4 e6 3. g3 Nf6 4. Bg2 Be7 5. Nf3 O-O 6. O-O Nbd7 7. Nbd2 c6 8. Qc2
b6 9. b3 Bb7 10. Bb2 Rc8 11. Ne5 Nxe5 12. dxe5 Nd7 13. Rad1 Qc7 14. f4 g6 15.
e4 Rfd8 16. Rfe1 Nf8 17. Nf3 Rd7 18. Re2 Rcd8 19. exd5 cxd5 20. cxd5 Bxd5 21.
Qxc7 Rxc7 22. Nd4 Bc5 23. Bxd5 Rxd5 24. Kg2 Rcd7 25. Red2 b5 26. Nf3 Rxd2+ 27.
Rxd2 Rxd2+ 28. Nxd2 Nd7 29. Ne4 Be7 30. Bd4 a6 31. Kf3 Kf8 32. Ke3 Ke8 33. Kd3
Kd8 34. Kc3 Kc7 35. a4 Kc6 36. axb5+ axb5 37. Kd3 h5 38. h3 Nb8 39. Be3 Na6 40.
Bd2 Nc5+ 41. Nxc5 Bxc5 42. Ke4 Bf2 43. g4 hxg4 44. hxg4 Kc5 45. Bc3 Bg1 46. Be1
Bd4 47. Bd2 Bb2 48. Be1 f5+ 49. exf6 Bxf6 50. Bd2 Bb2 51. Be1 Ba1 52. Bd2
1/2-1/2

[Event "II Festival A"]
[Site "Toscolano-Maderno ITA"]
[Date "1996.10.20"]
[Round "2"]
[White "Magrin, Antonio"]
[Black "Lagrotteria, Salvatore"]
[Result "0-1"]
[WhiteElo "2070"]
[BlackElo "2165"]
[PlyCount "72"]
[EventDate "1996.10.19"]

1. d4 d5 2. Bf4 Nf6 3. Nd2 c6 4. c3 g6 5. e3 Bg7 6. Bd3 O-O 7. h3 Nbd7 8. Ngf3
b6 9. O-O Bb7 10. Re1 c5 11. e4 cxd4 12. cxd4 dxe4 13. Nxe4 Nd5 14. Bh2 N7f6
15. Rc1 Bh6 16. Nxf6+ exf6 17. Rc4 Qd7 18. a3 Rfe8 19. Re4 Rad8 20. Rh4 Bg7 21.
Rc1 Rc8 22. Rxc8 Rxc8 23. Bg3 h5 24. Qd2 Qc6 25. Kh2 Qc1 26. Qxc1 Rxc1 27. Re4
Rc8 28. Re2 Bh6 29. Be4 Ba6 30. Re1 Bc4 31. Bxd5 Bxd5 32. Re7 Bc1 33. Rxa7 Bxb2
34. Bc7 Bxf3 35. gxf3 Bxd4 36. Rb7 Rxc7 0-1

[Event "II Festival A"]
[Site "Toscolano-Maderno ITA"]
[Date "1996.10.20"]
[Round "2"]
[White "Medancic, Rikard"]
[Black "Sulava, Nenad"]
[Result "0-1"]
[WhiteElo "2310"]
[BlackElo "2430"]
[PlyCount "58"]
[EventDate "1996.10.19"]

1. d4 d6 2. c4 e5 3. d5 f5 4. Nc3 Nf6 5. f3 Be7 6. e4 fxe4 7. fxe4 O-O 8. g3
Na6 9. Bh3 Nc5 10. Qe2 a5 11. Bg2 c6 12. dxc6 bxc6 13. Be3 Qb6 14. O-O-O Be6
15. Na4 Qa6 16. Bxc5 Bxc4 17. Qc2 dxc5 18. Nf3 Rab8 19. Nxe5 Bxa2 20. Bf1 c4
21. Nc3 Ng4 22. Nxa2 Nxe5 23. h4 Rf3 24. Rd4 Bf6 25. Be2 Nd3+ 26. Bxd3 cxd3 27.
Qc4+ Qxc4+ 28. Rxc4 Rxb2 29. Nc3 Rc2+ 0-1

[Event "II Festival A"]
[Site "Toscolano-Maderno ITA"]
[Date "1996.10.20"]
[Round "2"]
[White "Naumkin, Igor"]
[Black "Bini, Lorenzo"]
[Result "1-0"]
[WhiteElo "2430"]
[BlackElo "2200"]
[PlyCount "71"]
[EventDate "1996.10.19"]

1. d4 b6 2. c4 Bb7 3. Nc3 e6 4. a3 d6 5. e4 Nd7 6. Nf3 h6 7. Bd3 g6 8. O-O Bg7
9. Be3 Ne7 10. Qd2 g5 11. d5 e5 12. Ne2 f6 13. Ng3 h5 14. b4 h4 15. Nf5 Nxf5
16. exf5 g4 17. Ne1 Qe7 18. Be4 Qf7 19. Nc2 Qh5 20. Rac1 Bh6 21. Bxh6 Rxh6 22.
Ne3 Qg5 23. Qe2 g3 24. fxg3 hxg3 25. h3 Kf7 26. Ng4 Rh4 27. Rc3 a5 28. Rxg3 Ke7
29. Qe1 Qh5 30. Nf2 Kf7 31. Bf3 Qh7 32. Ne4 axb4 33. axb4 Ke7 34. Rg6 Ra3 35.
Qg3 Kf7 36. Rxf6+ 1-0

[Event "II Festival A"]
[Site "Toscolano-Maderno ITA"]
[Date "1996.10.20"]
[Round "2"]
[White "Perovic, Bozidar"]
[Black "Sedina, Elena"]
[Result "0-1"]
[WhiteElo "2134"]
[BlackElo "2345"]
[PlyCount "116"]
[EventDate "1996.10.19"]

1. f4 d5 2. e3 g6 3. Nf3 Bg7 4. d4 Nf6 5. Bd3 O-O 6. O-O c5 7. c3 b6 8. Ne5 Bb7
9. Nd2 Nbd7 10. Rf3 Ne4 11. Qe1 Nxe5 12. fxe5 f5 13. Nxe4 dxe4 14. Bc4+ Bd5 15.
Bxd5+ Qxd5 16. Rh3 Rf7 17. b3 b5 18. Ba3 cxd4 19. cxd4 Rc8 20. Qh4 Bf8 21. Bc5
a5 22. Rf1 e6 23. Bxf8 Kxf8 24. Qe1 b4 25. g4 f4 26. exf4 Qxd4+ 27. Qf2 Qxf2+
28. Rxf2 Rc1+ 29. Kg2 Re1 30. Rc2 Kg7 31. Kf2 Rd1 32. Re3 Rxf4+ 33. Kg3 Rdf1
34. Rce2 R4f3+ 35. Kg2 R1f2+ 36. Kg1 Rxe3 37. Kxf2 Rf3+ 38. Kg2 Rd3 39. Kf2
Rf3+ 40. Kg2 Rf4 41. h3 g5 42. Rf2 e3 43. Re2 Re4 44. Kf3 Rxe5 45. Rxe3 Rxe3+
46. Kxe3 Kf6 47. Ke4 e5 48. Kd3 Ke6 49. Kc4 Kd6 50. Kd3 Kd5 51. Ke3 e4 52. Ke2
Kd4 53. Kd2 e3+ 54. Ke2 Ke4 55. Ke1 Kf3 56. Kf1 e2+ 57. Ke1 Ke3 58. h4 gxh4 0-1

[Event "II Festival A"]
[Site "Toscolano-Maderno ITA"]
[Date "1996.10.20"]
[Round "2"]
[White "Stantic, Severino"]
[Black "Tomasi, Diego"]
[Result "1-0"]
[WhiteElo "2105"]
[BlackElo "2045"]
[PlyCount "65"]
[EventDate "1996.10.19"]

1. Nf3 g6 2. d4 Bg7 3. Bg5 c5 4. c3 Qb6 5. Qd2 cxd4 6. cxd4 Nf6 7. Nc3 O-O 8.
Rc1 d6 9. Bxf6 exf6 10. Nd5 Qd8 11. Nc7 Na6 12. Nxa8 Bg4 13. e3 Qxa8 14. Be2 h5
15. O-O Qd8 16. Ne1 Be6 17. a3 h4 18. h3 g5 19. Nd3 f5 20. Bf3 Bc8 21. Rc2 d5
22. Rfc1 Be6 23. Be2 g4 24. Nf4 Qd6 25. Nxe6 Qxe6 26. Qd1 g3 27. Bxa6 bxa6 28.
Qd3 Bh6 29. Rc6 gxf2+ 30. Kxf2 Qe7 31. Rxh6 Qg5 32. Rhc6 Re8 33. Rc8 1-0

[Event "II Festival A"]
[Site "Toscolano-Maderno ITA"]
[Date "1996.10.20"]
[Round "2"]
[White "Wohl, Aleksandar H."]
[Black "Braghetta, Sergio"]
[Result "1/2-1/2"]
[WhiteElo "2400"]
[BlackElo "2116"]
[PlyCount "89"]
[EventDate "1996.10.19"]

1. e4 c5 2. Nf3 d6 3. d4 cxd4 4. Nxd4 Nf6 5. Nc3 a6 6. Be3 e5 7. Nb3 Be7 8. f3
Be6 9. Nd5 Bxd5 10. exd5 Nbd7 11. c4 O-O 12. Be2 Nh5 13. Qd2 f5 14. O-O-O a5
15. Kb1 b6 16. Na1 Nc5 17. Nc2 Nf6 18. Na3 Ne8 19. Nb5 Nc7 20. Nc3 N7a6 21. f4
Bf6 22. fxe5 Bxe5 23. Bf3 Qf6 24. Nb5 f4 25. Bxc5 Nxc5 26. Qc2 Rf7 27. Rd2 Re7
28. Rhd1 Rd8 29. h3 g6 30. Re2 Rde8 31. Rde1 Kg7 32. a3 h5 33. Rf1 Bd4 34.
Rxe7+ Rxe7 35. Rd1 Be5 36. Re1 a4 37. Re2 Kh6 38. Re1 Nb3 39. Bd1 Nc5 40. Qe2
Qf5+ 41. Bc2 Qf6 42. Nd4 Rc7 43. Nb5 Rf7 44. Rf1 Re7 45. Qd2 1/2-1/2

[Event "II Festival A"]
[Site "Toscolano-Maderno ITA"]
[Date "1996.10.20"]
[Round "2"]
[White "Zlochevskij, Alexander"]
[Black "Luciani, Valerio"]
[Result "1-0"]
[WhiteElo "2415"]
[BlackElo "2180"]
[PlyCount "51"]
[EventDate "1996.10.19"]

1. d4 f5 2. Nf3 Nf6 3. Bg5 e6 4. Nbd2 d5 5. e3 Be7 6. c4 O-O 7. Bd3 Ne4 8. Bxe7
Qxe7 9. Qb3 c6 10. Qa3 Qf6 11. O-O Nd7 12. b4 g5 13. Qb2 Nxd2 14. Nxd2 Kg7 15.
Rac1 Re8 16. cxd5 exd5 17. Rc2 b6 18. Rfc1 Bb7 19. b5 c5 20. dxc5 Nxc5 21. Bxf5
Re5 22. g4 h5 23. Nf3 Rxf5 24. gxf5 Qxb2 25. Rxb2 g4 26. Nd4 1-0

[Event "II Festival A"]
[Site "Toscolano-Maderno ITA"]
[Date "1996.10.21"]
[Round "3"]
[White "Braghetta, Sergio"]
[Black "Perovic, Bozidar"]
[Result "1-0"]
[WhiteElo "2116"]
[BlackElo "2134"]
[PlyCount "49"]
[EventDate "1996.10.19"]

1. e4 c5 2. Nf3 b6 3. d4 cxd4 4. Nxd4 Bb7 5. Nc3 Nc6 6. Be3 e6 7. Bd3 Nf6 8. f4
Bb4 9. Qf3 Rc8 10. O-O Bxc3 11. bxc3 d5 12. e5 Nxd4 13. cxd4 Ne4 14. f5 exf5
15. Qxf5 O-O 16. Rf3 Rc7 17. Raf1 g6 18. Qf4 g5 19. Qg4 Bc8 20. Qh5 f5 21. exf6
Nxf6 22. Qxg5+ Rg7 23. Rxf6 Rxf6 24. Qxf6 Bh3 25. Qxd8# 1-0

[Event "II Festival A"]
[Site "Toscolano-Maderno ITA"]
[Date "1996.10.21"]
[Round "3"]
[White "Cebalo, Miso"]
[Black "Zlochevskij, Alexander"]
[Result "1/2-1/2"]
[WhiteElo "2515"]
[BlackElo "2415"]
[PlyCount "67"]
[EventDate "1996.10.19"]

1. d4 d6 2. Nf3 Bg4 3. e4 Nf6 4. Nc3 e6 5. h3 Bh5 6. g4 Bg6 7. Qe2 c6 8. h4 h6
9. h5 Bh7 10. g5 hxg5 11. Bxg5 Be7 12. h6 Rg8 13. hxg7 Rxg7 14. O-O-O Nbd7 15.
Kb1 d5 16. exd5 cxd5 17. Qb5 Qc7 18. Bxf6 Bxf6 19. Bd3 Bg8 20. Nxd5 exd5 21.
Rde1+ Be7 22. Qxd5 Qc6 23. Qh5 Qf6 24. Bf5 Nf8 25. Re3 Ng6 26. Rhe1 Kf8 27.
Bxg6 fxg6 28. Qh6 g5 29. Qh5 Qf7 30. Qxf7+ Bxf7 31. Rxe7 Bxa2+ 32. Kxa2 Rxe7
33. Rh1 Kg8 34. Rg1 1/2-1/2